000 00534caa a22001692a 4500
001 013689
003 AR-FADEU
008 311216n########xxu####################dd
092 _a808.831
_bA512
100 _aHawthorne, Nathaniel
245 _aMr higginbotham's catastrophe
300 _aPP. 14-27
500 _aEn: American short stories / ed. Barry Taylor. London : Longman,1979
546 _aInglés
942 _cBDGR
773 0 _019414
_919547
_a
_b
_dLondon
_o04496
_tAMERICAN short stories
_w( AR-FADEU) 013647
_x
_z0-582-53026-1
999 _c19456
_d19456